000 00994nam a2200265 a 4500
001 000024462
005 20250716133206.0
008 110127s1969 ag 000 0 spa d
040 _aDO-SdBNP
_bspa
_cBNPHU
041 1 7 _aspa
_heng
082 _a360
_bF911c
100 1 _aFriedlander, Walter A.
_950144
245 1 0 _aConcepto y métodos del servicio social /
_cWalter A. Friedlander ; traducción de Beatriz Balián.
260 _aBuenos Aires, Argentina :
_bKapelusz,
_c1969.
300 _a276 p. ;
_c21 cm.
490 1 _aBiblioteca de psicología contemporánea
500 _aIncluye referencias bibliográficas y notas al pie de las páginas
504 _aBibliografía : p. 113-186-256-272
534 _aTítulo original:
_tConcepts and methods of social work
650 4 _aServicio social
_950145
650 0 _a Acción social
_99289
650 4 _aAsistencia pública
_916078
700 1 _aBalián, Beatriz,
_etr.
_950146
830 0 _aBiblioteca de psicología contemporánea
_949510
999 _c23955
_d23955